000 00691nam a22002297a 4500
003 UA-OsUOA
001 109706
007 ta
008 20150127b un ||||| |||| 00| 0 ukr d
090 _a(038)=111=161.2
_bА64
942 _cBK
040 _aUA-OsUOA
_bukr
_cUA-OsUOA
_dUA-OsUOA
245 _aАнгло-український, українсько-англійський словник
_b80000 слів
_cукл. О. Мазур
300 _a832 с.
955 _a2
041 _aukr
080 _a(038)=111=161.2
020 _a978-617-536-121-4
260 _aДонецьк
_bГлорія Трейд
_c2012
650 7 _a0 Загальний відділ.
_2UDC
999 _c395626
_d395626